Cesta po českých hradech a zámcích, aneb, Mezi tím, co je a tím, co není /

Hlavní autor: Kalista, Zdeněk, 1900-1982
Jazyk: Čeština
Vydáno: Praha ; Litomyšl : Paseka, 2003
Vydání: Vyd. 2., (V Pasece 1.)
Témata:
Externí odkaz: Digitalizovaný dokument
Fyzický popis: 452 s. : il. ; 21 cm
Knihy
Uloženo v:
LEADER 01635nam a2200433 a 4500
001 000691022
003 CZ BrMZK
005 20031110140231.0
007 ta
008 031007s2003 xr a f 000 0 cze d
015 |a cnb001188692 
020 |a 80-7185-521-9  |q (váz.) 
035 |a (OCoLC)56859946 
040 |a BOA001  |b cze 
043 |a e-xr--- 
072 7 |a 72  |x Architektura  |2 Konspekt  |9 21 
080 |a 728.81  |2 MRF 
080 |a 728.82  |2 MRF 
080 |a 929.7  |2 MRF 
080 |a (437.3)  |2 MRF 
080 |a (048.8)  |2 MRF 
100 1 |a Kalista, Zdeněk,  |d 1900-1982  |7 jk01052690  |4 aut 
245 1 0 |a Cesta po českých hradech a zámcích, aneb, Mezi tím, co je a tím, co není /  |c Zdeněk Kalista ; [předmluvu napsal a ilustrace vybral Zdeněk Hojda] 
246 1 3 |a Cesta po českých hradech a zámcích, 
246 3 |a Mezi tím, co je a tím, co není 
250 |a Vyd. 2., (V Pasece 1.) 
260 |a Praha ;  |a Litomyšl :  |b Paseka,  |c 2003 
300 |a 452 s. :  |b il. ;  |c 21 cm 
500 |a Převzaté vydání v Odeonu z roku 1995 
504 |a Obsahuje bibliografii 
500 |a Dostupné též v digitální podobě v aplikaci Kramerius 
650 0 7 |a hrady  |7 ph120854  |z Česko  |2 czenas 
650 0 7 |a zámky  |7 ph127734  |z Česko  |2 czenas 
650 0 7 |a šlechta  |7 ph116832  |z Česko  |2 czenas 
655 7 |a monografie  |7 fd132842  |2 czenas 
856 4 1 |u http://www.digitalniknihovna.cz/mzk/uuid/uuid:cbfb8700-7924-11e4-ad1c-005056827e51  |y Digitalizovaný dokument  |x NDK 
910 |a BOA001  |b 2-1124.214 
990 |a BK 
996 6 |b 2610200344  |c 2-1124.214  |l MZK  |r Sklad / do 1 hodiny  |n 5  |p p.v.  |w 000691022  |u 000010  |a 1  |e BOA001  |j MZK50  |s P